000 00307nam a22001457a 4500
008 221005b ||||| |||| 00| 0 eng d
020 _a97807624685339
041 _aeng
080 _a72
082 _a72 KAY
100 _a19.1
101 _aARK
245 _aRIGHT AT HOME
_cKAYSEN R
942 _2udc
_cBK
999 _c58347
_d58347